COFAX - TELEKOMUNIKÁCIE 2004. Podporujeme komunikáciu medzi ľudmi : 10. medzinárodná vedecká konferencia. Bratislava, SR. 19.- 20. Apr. 2004

Gespeichert in:
Bibliographische Detailangaben
Format: Buch
Sprache:Slowakisch
Tschechisch
Englisch
Veröffentlicht: Bratislava : D&D Studio, 2004
Schlagworte:
Tags: Tag hinzufügen
Keine Tags, Fügen Sie das erste Tag hinzu!

MARC

LEADER 00000nam a22000003a 4500
001 stu86906
005 20150408161305.0
008 040510s2004----xo------------------slo-d
020 |a 80-967019-6-7 
040 |a STU  |b slo 
041 0 |a slo  |a cze  |a eng 
044 |a xo 
080 |a 621.39  |7 stu_us_auth*stu8291 
080 |a 681.324 
080 |a 681.327.8 
080 |a 061.3(08) 
084 |a C6200  |2 INS 
245 |a COFAX - TELEKOMUNIKÁCIE 2004. Podporujeme komunikáciu medzi ľudmi :  |b 10. medzinárodná vedecká konferencia. Bratislava, SR. 19.- 20. Apr. 2004 
260 |a Bratislava :  |b D&D Studio,  |c 2004 
300 |a 380 s  |c 18 s. 
650 7 |a Telekomunikácie  |2 stusub 
650 7 |a komunikačné siete  |2 stusub 
650 7 |a komunikačné systémy  |2 stusub 
650 7 |a komunikačné protokoly  |2 stusub 
996 |b 284EZ00290  |c E*Z-855  |l EE0102  |s P  |a 0  |w stu86906_0001